Search the Library Catalogue
| 000 -LEADER | |
|---|---|
| fixed length control field | 01364nam a2200181Ia 4500 |
| 008 - FIXED-LENGTH DATA ELEMENTS--GENERAL INFORMATION | |
| fixed length control field | 250326s9999 xx 000 0 und d |
| 020 ## - INTERNATIONAL STANDARD BOOK NUMBER | |
| ISBN | 9781529043051 |
| Paper back/Hardbound | pbk |
| 082 ## - DEWEY DECIMAL CLASSIFICATION NUMBER | |
| Classification number | 823.914 |
| Item number | BLU |
| 100 ## - MAIN ENTRY--AUTHOR NAME | |
| Personal name | Blume, Judy |
| 245 #4 - TITLE STATEMENT | |
| Title | The Pain And The Great One: Going Places |
| 250 ## - EDITION STATEMENT | |
| Edition statement | 1 |
| 260 ## - PUBLICATION, DISTRIBUTION, ETC. (IMPRINT) | |
| Name of publisher | Macmillan |
| Year of publication | LST |
| 300 ## - PHYSICAL DESCRIPTION | |
| Number of Pages | 228 pages |
| 520 ## - SUMMARY, ETC. | |
| Summary, etc | The Pain and the Great One: Go Places is a fun bind-up of the third and fourth books in the hilarious series. In these heartwarming young-fiction stories, Judy Blume perfectly captures what it's like to grow up with a brother or a sister, with gorgeous illustrations by Kate Pankhurst. Jake ('The Pain') and Abigail ('The Great One') may be brother and sister, but they don't always see eye to eye. Abigail thinks that Jake is a massive pain while Jake thinks that Abigail thinks she is sooo great. In Go Places, Jake and Abigail find time to squabble while visiting family, enjoying a snow day, and even on holiday. But despite these little disagreements, this pair are always there for each other, sharing in the fun! Going Places includes the third and fourth books in the series, Going, Going, Gone! and Friend or Fiend?. The first two books in the series are also available as bind-up, The Pain and the Great One: Wheelies!. |
| 650 ## - SUBJECT ADDED ENTRY--TOPICAL TERM | |
| Topical Term | Children Books |
| 942 ## - ADDED ENTRY ELEMENTS (KOHA) | |
| Koha item type | English Books |
| Withdrawn status | Lost status | Damaged status | Not for loan | Home library | Current library | Shelving location | Date acquired | Cost, normal purchase price | Full call number | Accession Number | Price effective from | Koha item type |
|---|---|---|---|---|---|---|---|---|---|---|---|---|
| Anna Centenary Library | Anna Centenary Library | CHILDREN SECTION-1ST FLOOR, B WING | 19.03.2025 | 550.00 | 823.914 BLU | 702220 | 26.03.2025 | English Books | ||||
| Anna Centenary Library | Anna Centenary Library | CHILDREN SECTION-1ST FLOOR, B WING | 19.03.2025 | 550.00 | 823.914 BLU | 702221 | 26.03.2025 | English Books |